Vnímavý pozorovatel : výbor z díla /

Hlavní autor: Klápště, Jan, 1949-
Další autoři: Luňáková, Ludmila, Wihoda, Martin, 1967-, Žemlička, Josef, 1946-
Jazyk: Čeština
Vydáno: Praha : NLN, 2019
Vydání: Vydání první
Témata:
Fyzický popis: 321 stran : ilustrace, mapy, portréty, plány ; 24 cm
Knihy
Uloženo v:
LEADER 02188nam a2200601 i 4500
001 nkc20193163414
003 CZ PrNK
005 20200206105959.0
007 ta
008 191204s2019 xr abcee 001 0 cze
015 |a cnb003163414 
020 |a 978-80-7422-673-1  |q (vázáno) :  |c Kč 349,00 
035 |a (OCoLC)1140094776 
040 |a OLA001  |b cze  |e rda 
043 |a e-xr--- 
072 7 |a 902  |x Archeologie  |2 Konspekt  |9 8 
080 |a 316.3"04/14"  |2 MRF 
080 |a 94"04/14"  |2 MRF 
080 |a 902"04/14"  |2 MRF 
080 |a 930.85  |2 MRF 
080 |a (437.3)  |2 MRF 
080 |a (048.8)  |2 MRF 
080 |a (082.21)  |2 MRF 
100 1 |a Klápště, Jan,  |d 1949-  |7 jk01060287  |4 aut 
245 1 0 |a Vnímavý pozorovatel :  |b výbor z díla /  |c Jan Klápště ; uspořádali: Ludmila Luňáková, Martin Wihoda, Josef Žemlička 
250 |a Vydání první 
264 1 |a Praha :  |b NLN,  |c 2019 
300 |a 321 stran :  |b ilustrace, mapy, portréty, plány ;  |c 24 cm 
336 |a text  |b txt  |2 rdacontent 
337 |a bez média  |b n  |2 rdamedia 
338 |a svazek  |b nc  |2 rdacarrier 
504 |a Obsahuje bibliografii, bibliografické odkazy a rejstříky 
650 0 7 |a středověk  |7 ph126223  |z Česko  |2 czenas 
650 0 7 |a archeologie středověku  |7 ph118579  |z Česko  |2 czenas 
650 0 7 |a středověká společnost  |7 ph216791  |z Česko  |2 czenas 
650 0 7 |a kulturní dějiny  |7 ph122020  |z Česko  |2 czenas 
650 0 9 |a middle ages  |z Czechia  |2 eczenas 
650 0 9 |a medieval archaeology  |z Czechia  |2 eczenas 
650 0 9 |a medieval society  |z Czechia  |2 eczenas 
650 0 9 |a cultural history  |z Czechia  |2 eczenas 
655 7 |a studie  |7 fd133597  |2 czenas 
655 7 |a výbory  |7 fd133853  |2 czenas 
655 9 |a studies  |2 eczenas 
655 9 |a selected works  |2 eczenas 
700 1 |a Luňáková, Ludmila  |7 mzk2015859987  |4 edt 
700 1 |a Wihoda, Martin,  |d 1967-  |7 jn20010309176  |4 edt 
700 1 |a Žemlička, Josef,  |d 1946-  |7 jk01153105  |4 edt 
910 2 |a BOA001  |b 2-1441.378 
928 9 |a Nakladatelství Lidové noviny 
990 |a BK 
995 |a 01 
991 |b 202001  |c NOV 
996 6 |b 2610811320  |c 2-1441.378  |l MZK  |r Sklad / do 1 hodiny  |n 2  |p p.v.  |w 001775594  |u 000010  |a 1  |e BOA001  |j MZK50  |s P